|
|
|
|
| LEADER |
01598nam a2200337 a 4500 |
| 001 |
15538 |
| 003 |
BD-DhAAL |
| 008 |
090708s2001 nyua b 001 0 eng d |
| 999 |
|
|
|c 2183
|d 2183
|
| 010 |
|
|
|a 2001030456
|
| 020 |
|
|
|a 0393976874
|
| 040 |
|
|
|a DLC
|c DLC
|d DLC
|d BD-DhAAL
|
| 050 |
0 |
0 |
|a PN6014
|b .N67 2001
|
| 082 |
0 |
0 |
|a 808
|2 21
|
| 100 |
1 |
|
|a Beaty, Jerome,
|d 1924-
|9 39008
|
| 245 |
0 |
4 |
|a The Norton introduction to literature /
|c Jerome Beaty ... [et al.].
|
| 250 |
|
|
|a Eighth edition
|
| 260 |
|
|
|a New York :
|b W.W. Norton,
|c 2001.
|
| 300 |
|
|
|a xxxiv, 2218, 140 pages :
|b illustrations ;
|c 24 cm. +
|e 2 CD-ROM (4 3/4 in.)
|
| 504 |
|
|
|a Includes bibliographical references and indexes.
|
| 526 |
|
|
|a BIED
|
| 541 |
1 |
|
|a Complimentary copy from BIED
|e 15538, 35665
|
| 650 |
|
0 |
|a Literature
|v Collections.
|9 39009
|
| 700 |
1 |
|
|a Booth, Alison
|9 39010
|
| 700 |
1 |
|
|a Hunter, J. Paul
|9 39011
|
| 700 |
1 |
|
|a Mays, Kelly J.
|9 39012
|
| 852 |
4 |
|
|a Ayesha Abed Library
|j BIED Collection
|
| 942 |
|
|
|2 ddc
|c BK
|
| 952 |
|
|
|0 0
|1 4
|2 ddc
|4 0
|6 808_000000000000000_BEA
|7 0
|9 2011
|a BRACUL
|b BRACUL
|c GEN
|d 2009-07-08
|g 0.00
|l 0
|o 808 BEA
|p 3010015538
|r 2009-07-08
|t 1
|w 2009-07-08
|y BK
|x No price found in the accession register.
|
| 952 |
|
|
|0 0
|1 0
|2 ddc
|4 0
|6 808_000000000000000_BEA
|7 0
|9 67718
|a BRACUL
|b BRACUL
|c GEN
|d 2020-01-16
|e Complimentary copy from BIED
|l 0
|o 808 BEA
|p 3010035665
|r 2020-01-16
|t 2
|w 2020-01-16
|y BK
|x Transferred from BIED to General Stacks
|
| 952 |
|
|
|0 0
|1 0
|2 ddc
|4 0
|6 808_000000000000000_BEA
|7 0
|9 67719
|a BRACUL
|b BRACUL
|c AV
|d 2020-01-16
|e Complimentary copy from BIED
|l 0
|o 808 BEA
|p 4010035665
|r 2020-01-16
|t 1
|w 2020-01-16
|y AV
|x Disk 1 & 2
|